Modeling and analysis of communicating systems / (Record no. 99334)

MARC details
000 -LEADER
fixed length control field 00838nam a22002297a 4500
010 ## - LCCN (DPL NO)
LC control number ENG-115012
020 ## - INTERNATIONAL STANDARD BOOK NUMBER
International Standard Book Number 9788120351837
Terms of availability 795.00
035 ## - SYSTEM CONTROL NUMBER
System control number EN-98544
037 ## - SOURCE OF ACQUISITION
Source of stock number/acquisition DBAD/PUB
082 ## - DEWEY DECIMAL CLASSIFICATION NUMBER
Classification number 621.382011
100 ## - MAIN ENTRY--PERSONAL NAME
Personal name Groote, Jan Friso
245 ## - TITLE STATEMENT
Title Modeling and analysis of communicating systems /
Statement of responsibility, etc by Jan Friso Groote [and] Mohammad Reza Mousavi
260 ## - PUBLICATION, DISTRIBUTION, ETC. (IMPRINT)
Place of publication, distribution, etc Delhi
Name of publisher, distributor, etc PHI Learning
Date of publication, distribution, etc 2016
270 ## - ADDRESS
Address Rimjhim House, 111, Patparganj Industrial Estate,
City Delhi
Postal code 110092
300 ## - PHYSICAL DESCRIPTION
Extent xvi,376p. :
Other physical details ill.
Dimensions 27cm(pbk)
500 ## - GENERAL NOTE
General note Includes bibliographical references (pages 359-372) and index.
650 ## - SUBJECT ADDED ENTRY--TOPICAL TERM
Topical term or geographic name as entry element Telecommunication systems
General subdivision Simulation methods.
650 ## - SUBJECT ADDED ENTRY--TOPICAL TERM
Topical term or geographic name as entry element Computer science
General subdivision Mathematics.
650 ## - SUBJECT ADDED ENTRY--TOPICAL TERM
Topical term or geographic name as entry element Machine theory.
700 ## - ADDED ENTRY--PERSONAL NAME
Personal name Mousavi, Mohammad Reza
942 ## - ADDED ENTRY ELEMENTS (KOHA)
Source of classification or shelving scheme Dewey Decimal Classification
Item type English Books
Call number suffix GRO
Classification part 621.382011
Holdings
Withdrawn status Lost status Not for loan Collection code Home library Current library Date acquired Source of acquisition Cost, normal purchase price Full call number Barcode Copy number Cost, replacement price Koha item type
    Not For Loan Non-fiction D.B.Act.Division Bawana 25/02/2016 DBAD/PUB 795.00 621.382011 GRO EN-98544 1 795.00 English Books

© Delhi Public Library
Hit Counter
free hit counter